MAASAI MARA UNIVERSITY

LIBRARY CATALOGUE

Contact Us: +254 020 2685356/7 or 0774 057787

Box: 861-20500, NAROK, KENYA

Email: info@mmarau.ac.ke

Buckle,Colin (Record no. 3808)

MARC details
000 -LEADER
fixed length control field 00396nam a2200145Ia 4500
008 - FIXED-LENGTH DATA ELEMENTS--GENERAL INFORMATION
fixed length control field 151015s9999 xx 000 0 und d
020 ## - INTERNATIONAL STANDARD BOOK NUMBER
International Standard Book Number 58260334
050 ## - LIBRARY OF CONGRESS CALL NUMBER
Classification number GB 439 .B82 2005
245 ## - TITLE STATEMENT
Title Buckle,Colin
250 ## - EDITION STATEMENT
Edition statement _Landforms in Africa colin Buckle
300 ## - PHYSICAL DESCRIPTION
Extent Harlow Longman group 1978
500 ## - GENERAL NOTE
General note Includes index.
650 ## - SUBJECT ADDED ENTRY--TOPICAL TERM
Topical term or geographic name as entry element _Geomorphology
700 ## - ADDED ENTRY--PERSONAL NAME
Personal name ^d20121017 11:10:05^oanne

No items available.

© 2016 Maasai Mara University.